Pays qui possédaient Istanbul à travers l'histoire - Statistiques

Statistiques générales
  • Ce quiz a été pris 104 fois
  • Le résultat moyen est 6 sur 13
Statistiques - réponses
Période Pays % Correct
1923 - Aujourd'hui Turquie
95%
1453 - 1922 Empire Ottoman
79%
-167 - 395 Empire romain
75%
-667 -/- 557 Grèce antique
72%
395 - 1204/ 1261-1453 Empire Byzantin
68%
-340 -/- 168 Royaume de Macédoine
40%
-557 -/- 479 Empire Perse Achéménide
32%
-408 -/- 340 Athènes
24%
1202 - 1453 Republique de Venise
22%
-479 -/- 408 Sparte
21%
1204 - 1261 Empire Latin de Constantinople
19%
1261- 1453 République de Gênes
19%
XIIe - 1406 République de Pise
9%
Aucun quiz correspondant
Distribution des résultats
% des personnes avec chaque résultat
Percentile par nombre de réponses
Votre historique - résultats
Vous n’avez pas pris ce quiz